| 000 | 00618nam a2200181Ia 4500 | ||
|---|---|---|---|
| 008 | 090123s9999 xx 000 0 und d | ||
| 082 |
_b3058 _a891.463/माडीवाले |
||
| 100 | _aमाडीवाले वि. स. | ||
| 245 | _aअशी ही बिकट वाट | ||
| 250 | _a1 | ||
| 260 |
_bकेसरी मुद्रणालय _c1972 |
||
| 300 | _a227 | ||
| 600 | _aमाडीवाले वि. स. | ||
| 630 | _aअशी ही बिकट वाट | ||
| 700 | _aमाडीवाले वि. स. | ||
| 730 | _aअशी ही बिकट वाट | ||
| 942 | _cBOOK | ||
| 999 |
_c41138 _d41138 |
||